00676 2200217 4500001002100000005001500021035002000036007000300056008004100059020002200100082001000122084001600132100002800148245012600176250001000302260004700312300002900359650002800388700002800416700001400444INLIS00000000000385220190731083342 a0010-0719000270ta190731 g 0 ind  a978-602-0808-19-2 a745.5 a745.5 PRI p0 aPRIMA, Olimpiana Kristi1 aPunya Barang Bekas? :bDaur Ulang, Jadikan Uang! /cPrima Olimpiana Kristi, Nurhastuti Putri Utami; penyunting, Tristanti acet.1 aYogyakarta :bTrans Idea Publishing,c2016 a143 hlm :bilus ;c26 cm 4aBARANG BEKAS. KERAJINAN0 aNURHASTUTI, Putri Utami0 aTRISTANTI